=LDR 00000nam 2200000 4500 =001 NUTBA000000000006361 =005 20250313014350 =035 ##$$a 0010-121400000000085 =008 250313################g##########0#ind## =020 ##$$a 978-979-042-022-9 =040 ##$$a NBPDMAT =082 ##$$a 581.042 =090 ##$$a 581.042 $b Umi m =100 ##$$a Umi Habibah =245 1#$$a Mereka yang hampir punah 2 /$c Umi Habibah =250 ##$$a Cet.2 =260 ##$$a Yogyakarta :$b Empat Pilar Pendidikan,$c 2010 =300 ##$$a iv, 64 hlm. : $b ilus. ; $c 24 cm. =500 ##$$a Bibliografi : hlm. 60 =650 #4$$a Tanaman =850 ##$$a NBPDMAT =084 ##$$a 581.042 UMI m =990 ##$$a 21418377 =990 ##$$a 21418378 =990 ##$$a 21418379 =990 ##$$a 21418380 =990 ##$$a 21418381 =990 ##$$a 21418377 =990 ##$$a 21418378 =990 ##$$a 21418379 =990 ##$$a 21418380 =990 ##$$a 21418381 =990 ##$$a 21418378 =990 ##$$a 21418377 =990 ##$$a 21418379 =990 ##$$a 21418380 =990 ##$$a 21418381 =990 ##$$a 21418379 =990 ##$$a 21418377 =990 ##$$a 21418378 =990 ##$$a 21418380 =990 ##$$a 21418381 =990 ##$$a 21418380 =990 ##$$a 21418377 =990 ##$$a 21418378 =990 ##$$a 21418379 =990 ##$$a 21418381 =990 ##$$a 21418381 =990 ##$$a 21418377 =990 ##$$a 21418378 =990 ##$$a 21418379 =990 ##$$a 21418380